[Event "FRA T II 20102011"]
[Site "FRA"]
[Date "2010.11.13"]
[Round "2.5"]
[White "Lebrun, Benoit"]
[Black "Kambrath, Yannick"]
[Result "0-1"]
[WhiteElo "2154"]
[BlackElo "2044"]
[PlyCount "54"]
[EventDate "2010.11.13"]
[EventType "team-match"]
[EventRounds "9"]
[EventCountry "FRA"]
[Source "FFE"]
[SourceDate "2010.10.29"]
[BlackTeamCountry "FRA"]

1. e4 e5 2. Nc3 Nf6 3. f4 d5 4. fxe5 Nxe4 5. Nf3 Be7 6. Qe2 f5 7. d3 Nxc3 8.
bxc3 O-O 9. d4 c5 10. Qf2 Nc6 11. Be2 Be6 12. O-O Rc8 13. Qg3 cxd4 14. cxd4 Qb6
15. c3 Na5 16. Bd2 Nc4 17. Rfb1 Qc6 18. Bxc4 dxc4 19. a4 Bd5 20. Rb2 b6 21. Bf4
h6 22. Rb5 Rfd8 23. Rab1 Qe6 24. a5 Bc6 25. R5b2 b5 26. h3 b4 27. Ra2 b3 {
suite illisible} 0-1

[Event "FRA T II 20102011"]
[Site "FRA"]
[Date "2010.11.13"]
[Round "2.6"]
[White "Eid, Amine"]
[Black "Henry, Tony"]
[Result "0-1"]
[WhiteElo "1917"]
[BlackElo "2064"]
[PlyCount "54"]
[EventDate "2010.11.13"]
[EventType "team-match"]
[EventRounds "9"]
[EventCountry "FRA"]
[Source "FFE"]
[SourceDate "2010.10.29"]
[BlackTeamCountry "FRA"]

1. e4 c5 2. Nf3 Nc6 3. d4 cxd4 4. Nxd4 g6 5. Nc3 Bg7 6. Be3 Nf6 7. Bc4 O-O 8.
Bb3 a5 9. a4 Ng4 10. Qxg4 Nxd4 11. Qd1 Nxb3 12. cxb3 Ra6 13. Bd4 Rd6 14. Nb5
Bxd4 15. Nxd6 Bxb2 16. Nc4 Bc3+ 17. Kf1 Bxa1 18. Qxa1 d5 19. exd5 Qxd5 20. Kg1
Rd8 21. h3 Bd7 22. Qe1 Bc6 23. f3 Bxa4 24. bxa4 Qxc4 25. Qxa5 Rd1+ 26. Kh2 Qf4+
27. g3 Rd2+ 0-1

[Event "FRA T II 20102011"]
[Site "FRA"]
[Date "2010.11.13"]
[Round "2.8"]
[White "Eid, Ali"]
[Black "Prieur, Emilie"]
[Result "1-0"]
[WhiteElo "1740"]
[BlackElo "1693"]
[PlyCount "69"]
[EventDate "2010.11.13"]
[EventType "team-match"]
[EventRounds "9"]
[EventCountry "FRA"]
[Source "FFE"]
[SourceDate "2010.10.29"]
[BlackTeamCountry "FRA"]

1. e4 c5 2. Nf3 Nc6 3. d4 cxd4 4. Nxd4 g6 5. Nc3 Bg7 6. Be3 Nf6 7. Bc4 d6 8. f3
Bd7 9. Qd2 a6 10. a3 Rc8 11. Ba2 Ne5 12. O-O-O b5 13. Kb1 Qa5 14. Nd5 Qxd2 15.
Nxf6+ Bxf6 16. Rxd2 Nc4 17. Bxc4 Rxc4 18. b3 Rc7 19. Bh6 Rg8 20. Be3 a5 21. h4
h5 22. g3 Rc3 23. Rd3 Rc7 24. Ne2 a4 25. b4 Be6 26. Nf4 Bc4 27. Nd5 Bxd5 28.
Rxd5 Rb7 29. Rhd1 Bg7 30. f4 f6 31. Rc1 Kd7 32. c4 bxc4 33. Rxc4 Ra7 34. Bxa7
Bh6 35. b5 1-0

[Event "FRA T II 20102011"]
[Site "FRA"]
[Date "2010.11.13"]
[Round "2.1"]
[White "Gouanelle, Franck"]
[Black "Lavabre, Fabien"]
[Result "0-1"]
[WhiteElo "2154"]
[BlackElo "2226"]
[PlyCount "96"]
[EventDate "2010.11.13"]
[EventType "team-match"]
[EventRounds "9"]
[EventCountry "FRA"]
[Source "FFE"]
[SourceDate "2010.10.29"]
[BlackTeamCountry "FRA"]

1. Nf3 Nf6 2. c4 g6 3. Nc3 d5 4. cxd5 Nxd5 5. Qa4+ Bd7 6. Qb3 Nb6 7. d4 Bg7 8.
Bf4 Be6 9. Qc2 O-O 10. e3 c5 11. Rd1 cxd4 12. Nxd4 Bd7 13. Bg5 Re8 14. Bb5 Qc8
15. Bxd7 N8xd7 16. O-O Qc5 17. Bh4 Rac8 18. Qb1 Qh5 19. Bg3 a6 20. Rfe1 Nf6 21.
Nde2 Nc4 22. Rd3 b5 23. a3 Red8 24. Red1 Rxd3 25. Rxd3 Qf5 26. Nd4 Qc5 27. Nd1
Ne4 28. Nb3 Qc6 29. Nd4 Qc5 30. Nb3 Qc6 31. Nd4 Qb7 32. Ne2 Nc5 33. Rd4 Bxd4
34. exd4 Qe4 35. Qxe4 Nxe4 36. Bf4 Nxb2 37. Ne3 Nd3 38. Bh6 Ndxf2 39. Nd5 Rc2
40. Nxe7+ Kh8 41. Kf1 Ng4 42. Bf4 g5 43. Bb8 Ne3+ 44. Ke1 Nxg2+ 45. Kf1 Ne3+
46. Ke1 Kg7 47. d5 Kf8 48. Nc6 Nxd5 0-1

[Event "FRA T II 20102011"]
[Site "FRA"]
[Date "2010.11.13"]
[Round "2.2"]
[White "Bossard, Arnaud"]
[Black "Santamaria, Jorge"]
[Result "1/2-1/2"]
[WhiteElo "2199"]
[BlackElo "2178"]
[PlyCount "35"]
[EventDate "2010.11.13"]
[EventType "team-match"]
[EventRounds "9"]
[EventCountry "FRA"]
[Source "FFE"]
[SourceDate "2010.10.29"]
[BlackTeamCountry "FRA"]

1. Nf3 c5 2. e4 g6 3. c3 d5 4. exd5 Qxd5 5. d4 Nf6 6. Be2 cxd4 7. cxd4 Bg7 8.
O-O O-O 9. Nc3 Qa5 10. Qb3 Nbd7 11. Bd2 a6 12. Rac1 Qb6 13. Qa3 Qd8 14. Bf4 Nb6
15. Rfd1 Nbd5 16. Be5 Be6 17. Nxd5 Nxd5 18. Ng5 1/2-1/2

[Event "FRA T II 20102011"]
[Site "FRA"]
[Date "2010.11.13"]
[Round "2.3"]
[White "Kirszenberg, Marc"]
[Black "Come, Alexandre"]
[Result "1-0"]
[WhiteElo "2184"]
[BlackElo "2191"]
[PlyCount "49"]
[EventDate "2010.11.13"]
[EventType "team-match"]
[EventRounds "9"]
[EventCountry "FRA"]
[Source "FFE"]
[SourceDate "2010.10.29"]
[BlackTeamCountry "FRA"]

1. d4 Nf6 2. c4 d6 3. Nf3 g6 4. Bf4 Bg7 5. Nc3 O-O 6. h3 Nbd7 7. e3 c5 8. Be2
Qa5 9. O-O cxd4 10. exd4 Re8 11. a3 e5 12. b4 Qd8 13. dxe5 dxe5 14. Be3 e4 15.
Nd4 a6 16. c5 Ne5 17. Qc2 Nd5 18. Nxd5 Qxd5 19. Rad1 Qd8 20. Nf5 Qf6 21. Nxg7
Kxg7 22. Qxe4 Bf5 23. Qf4 Rad8 24. Qh6+ Kg8 25. Bg5 1-0

[Event "FRA T II 20102011"]
[Site "FRA"]
[Date "2010.11.13"]
[Round "2.4"]
[White "Stambul, Adam"]
[Black "Delafargue, Bertrand"]
[Result "1-0"]
[WhiteElo "2167"]
[BlackElo "2097"]
[PlyCount "69"]
[EventDate "2010.11.13"]
[EventType "team-match"]
[EventRounds "9"]
[EventCountry "FRA"]
[Source "FFE"]
[SourceDate "2010.10.29"]
[BlackTeamCountry "FRA"]

1. e4 c6 2. d4 d5 3. Nc3 dxe4 4. Nxe4 Bf5 5. Ng3 Bg6 6. h4 h6 7. Nf3 Nd7 8. h5
Bh7 9. Bd3 Bxd3 10. Qxd3 e6 11. Bd2 Ngf6 12. O-O-O Be7 13. Rde1 O-O 14. Ne4
Nxe4 15. Qxe4 Nf6 16. Qe2 Ng4 17. Kb1 a5 18. Rh3 Qd5 19. Rg3 Qf5 20. Ng1 Nf6
21. Bxh6 Nxh5 22. Rh3 Nf6 23. Bd2 Rfd8 24. Nf3 Bb4 25. Reh1 Kf8 26. Be3 Nd5 27.
Rh5 Nf4 28. Rxf5 Nxe2 29. Rfh5 Ke7 30. c3 Bd6 31. R5h4 Kd7 32. Ne5+ Bxe5 33.
dxe5 g5 34. Rh7 Ke8 35. Bxg5 1-0

[Event "FRA T II 20102011"]
[Site "FRA"]
[Date "2010.11.13"]
[Round "2.5"]
[White "Guigon, Olivier"]
[Black "Aveline, Philippe"]
[Result "1/2-1/2"]
[WhiteElo "2082"]
[BlackElo "2149"]
[PlyCount "34"]
[EventDate "2010.11.13"]
[EventType "team-match"]
[EventRounds "9"]
[EventCountry "FRA"]
[Source "FFE"]
[SourceDate "2010.10.29"]
[BlackTeamCountry "FRA"]

1. e4 d5 2. exd5 Nf6 3. d4 Nxd5 4. Nf3 g6 5. c4 Nb6 6. Be2 Bg7 7. O-O O-O 8.
Nc3 Nc6 9. h3 e5 10. dxe5 Nxe5 11. Nxe5 Bxe5 12. Bh6 Qh4 13. Bxf8 Bxh3 14. Qd2
Rxf8 15. gxh3 Qxh3 16. f4 Qg3+ 17. Kh1 Qh3+ 1/2-1/2

[Event "FRA T II 20102011"]
[Site "FRA"]
[Date "2010.11.13"]
[Round "2.6"]
[White "Libens, Michel"]
[Black "Rojas Guerra, Julio"]
[Result "1-0"]
[WhiteElo "2147"]
[BlackElo "2083"]
[PlyCount "69"]
[EventDate "2010.11.13"]
[EventType "team-match"]
[EventRounds "9"]
[EventCountry "FRA"]
[Source "FFE"]
[SourceDate "2010.10.29"]
[BlackTeamCountry "FRA"]

1. e4 c5 2. Nf3 d6 3. d4 cxd4 4. Nxd4 Nf6 5. Nc3 a6 6. h3 e5 7. Nde2 b5 8. Bg5
Be7 9. Ng3 Be6 10. Be2 Nbd7 11. Be3 O-O 12. a4 b4 13. Nd5 Bxd5 14. exd5 Nb6 15.
Bxb6 Qxb6 16. Nf5 Rfe8 17. O-O Bf8 18. c4 bxc3 19. bxc3 g6 20. Ne3 Ne4 21. Qc2
f5 22. Bd3 Bh6 23. Bxe4 Bxe3 24. Bxf5 gxf5 25. fxe3 Qxe3+ 26. Kh1 f4 27. Rab1
Ra7 28. Rbe1 Qg3 29. Qe4 Rg7 30. Rxf4 Qxc3 31. Ref1 Qc8 32. Rf6 Qc5 33. Kh2 Rd8
34. Qf5 h6 35. Qe6+ 1-0

[Event "FRA T II 20102011"]
[Site "FRA"]
[Date "2010.11.13"]
[Round "2.7"]
[White "Martinez, Rodolphe"]
[Black "N'Kada, Alexandre"]
[Result "0-1"]
[WhiteElo "1881"]
[BlackElo "2064"]
[PlyCount "66"]
[EventDate "2010.11.13"]
[EventType "team-match"]
[EventRounds "9"]
[EventCountry "FRA"]
[Source "FFE"]
[SourceDate "2010.10.29"]
[BlackTeamCountry "FRA"]

1. e4 c5 2. Nf3 e6 3. d3 Nc6 4. g3 d6 5. Bg2 Nf6 6. O-O Be7 7. Re1 O-O 8. Nbd2
Bd7 9. Nf1 Qc7 10. h4 Ne5 11. N3h2 Bc6 12. f4 Ned7 13. g4 Nb6 14. g5 Nfd7 15.
Ng3 d5 16. e5 d4 17. Be4 Bxe4 18. Nxe4 Kh8 19. Qh5 c4 20. Re2 cxd3 21. cxd3 Nd5
22. Rg2 Ne3 23. Bxe3 dxe3 24. Ng4 Qb6 25. Kh1 Qd4 26. Rd1 Rac8 27. Re2 Nc5 28.
Ngf6 gxf6 29. gxf6 Nxe4 30. dxe4 Qxd1+ 31. Kh2 Rc1 32. fxe7 Qh1+ 33. Kg3 Rg1+
0-1

[Event "FRA T II 20102011"]
[Site "FRA"]
[Date "2010.11.13"]
[Round "2.8"]
[White "Bounya, Myriam"]
[Black "BOYELDIEU D'AUVIGNY , Mathilde"]
[Result "1-0"]
[WhiteElo "1797"]
[BlackElo "1499"]
[PlyCount "59"]
[EventDate "2010.11.13"]
[EventType "team-match"]
[EventRounds "9"]
[EventCountry "FRA"]
[Source "FFE"]
[SourceDate "2010.10.29"]
[BlackTeamCountry "FRA"]

1. d4 d5 2. c4 e6 3. Nc3 Nf6 4. Nf3 Nc6 5. Bg5 Be7 6. e3 b6 7. a3 Bb7 8. b4 Ne4
9. Bxe7 Nxe7 10. Nxe4 dxe4 11. Nd2 Nf5 12. Qg4 Qh4 13. Qxh4 Nxh4 14. Rc1 Ke7
15. c5 bxc5 16. Rxc5 Rac8 17. Nb1 f6 18. Nc3 a6 19. Na4 Nf5 20. Ra5 Bc6 21.
Rxa6 Bxa4 22. Rxa4 Ra8 23. Ra5 Rxa5 24. bxa5 Rb8 25. Kd2 Rb3 26. a4 Kd8 27. Bb5
Kc8 28. Rc1 Nd6 29. Bc6 Nb7 30. a6 1-0

[Event "FRA T II 20102011"]
[Site "FRA"]
[Date "2010.11.13"]
[Round "2.1"]
[White "Bekkat, Azeddine"]
[Black "Pietrasanta, Jeremy"]
[Result "1-0"]
[WhiteElo "2196"]
[BlackElo "2283"]
[PlyCount "29"]
[EventDate "2010.11.13"]
[EventType "team-match"]
[EventRounds "9"]
[EventCountry "FRA"]
[Source "FFE"]
[SourceDate "2010.10.29"]
[BlackTeamCountry "FRA"]

1. d4 Nf6 2. c4 e6 3. Nc3 Bb4 4. Nf3 Bxc3+ 5. bxc3 d6 6. Qc2 Nbd7 7. e4 e5 8.
c5 O-O 9. cxd6 cxd6 10. Bd3 Re8 11. O-O Qc7 12. Ba3 d5 13. Rfe1 exd4 14. cxd4
Ng4 15. g3 {suite illisible} 1-0

[Event "FRA T II 20102011"]
[Site "FRA"]
[Date "2010.11.13"]
[Round "2.2"]
[White "Toma, Michal"]
[Black "Dicko, Henri"]
[Result "0-1"]
[WhiteElo "2219"]
[BlackElo "2205"]
[PlyCount "74"]
[EventDate "2010.11.13"]
[EventType "team-match"]
[EventRounds "9"]
[EventCountry "FRA"]
[Source "FFE"]
[SourceDate "2010.10.29"]
[BlackTeamCountry "FRA"]

1. e4 e5 2. f4 exf4 3. Nf3 Be7 4. Bc4 Bh4+ 5. Kf1 d6 6. d4 Bg4 7. Qd3 Nc6 8.
Qb3 Bxf3 9. Bxf7+ Kf8 10. gxf3 Nxd4 11. Qd3 Kxf7 12. Qxd4 Qf6 13. Qd5+ Ke7 14.
Rg1 c6 15. Qd3 Nh6 16. Bd2 Nf7 17. Bc3 Ne5 18. Qe2 g5 19. Nd2 Qe6 20. Kg2 Rhg8
21. Kh1 h5 22. Nb3 Qc4 23. Qg2 g4 24. Nd4 Kd7 25. Rad1 Kc7 26. Qd2 Rad8 27. b3
Qf7 28. Rgf1 g3 29. Rg1 Qd7 30. Qxf4 Qh3 31. Rd2 Rdf8 32. Nf5 Bg5 33. Qxg3 Qxg3
34. Rxg3 Bxd2 35. Bxd2 Rxg3 36. hxg3 Nxf3 37. Kg2 Nxd2 0-1

[Event "FRA T II 20102011"]
[Site "FRA"]
[Date "2010.11.13"]
[Round "2.3"]
[White "Regoli, Stephane"]
[Black "Dionisi, Thomas"]
[Result "1-0"]
[WhiteElo "2257"]
[BlackElo "2192"]
[PlyCount "55"]
[EventDate "2010.11.13"]
[EventType "team-match"]
[EventRounds "9"]
[EventCountry "FRA"]
[Source "FFE"]
[SourceDate "2010.10.29"]
[BlackTeamCountry "FRA"]

1. e4 c5 2. Nf3 Nc6 3. Bb5 Nf6 4. e5 Ng4 5. Bxc6 dxc6 6. d3 g6 7. Bf4 Nh6 8.
O-O Nf5 9. Nbd2 Nd4 10. Ne1 Bg7 11. c3 Ne6 12. Bg3 h5 13. h3 h4 14. Bh2 Qd5 15.
Qe2 Rh5 16. f4 Nc7 17. Nc4 Bf5 18. Ne3 Qd7 19. Rd1 O-O-O 20. d4 Qe6 21. Nf3 f6
22. Nxf5 Qxf5 23. dxc5 Rxd1 24. Rxd1 Rh8 25. Qd2 fxe5 26. Nxh4 Qe6 27. Nxg6 Rg8
28. f5 1-0

[Event "FRA T II 20102011"]
[Site "FRA"]
[Date "2010.11.13"]
[Round "2.4"]
[White "Samoun, Florent"]
[Black "Mehaibia, Azzedine"]
[Result "1-0"]
[WhiteElo "2155"]
[BlackElo "2175"]
[PlyCount "95"]
[EventDate "2010.11.13"]
[EventType "team-match"]
[EventRounds "9"]
[EventCountry "FRA"]
[Source "FFE"]
[SourceDate "2010.10.29"]
[BlackTeamCountry "FRA"]

1. e4 c5 2. Nc3 g6 3. g3 Bg7 4. Bg2 e6 5. d3 Ne7 6. Be3 b6 7. Qd2 h5 8. d4 Nbc6
9. dxc5 bxc5 10. Bxc5 Rb8 11. Nd1 Ne5 12. Bd4 N7c6 13. Bc3 O-O 14. Ne3 Ba6 15.
f4 Ng4 16. Nxg4 hxg4 17. Bxg7 Kxg7 18. Qc3+ Kg8 19. h3 Rb4 20. O-O-O Rc4 21.
Qa3 Nb4 22. c3 Qb6 23. hxg4 Qe3+ 24. Kb1 Qf2 25. Bf3 Qc2+ 26. Ka1 Nxa2 27. Ne2
Rb8 28. Nd4 Rxd4 29. Rxd4 Nc1 30. Bd1 Qg2 31. Re1 Qxg3 32. Rh1 Qg2 33. Re1 Nd3
34. Re2 Qf1 35. Rd2 Nxf4 36. Rxd7 Bd3 37. Qe7 Rf8 38. Rd8 Rxd8 39. Qxd8+ Kg7
40. Qd4+ Kg8 41. Ka2 a5 42. Rh2 Nh3 43. Bc2 Be2 44. Qd8+ Kg7 45. Qh4 a4 46.
Qxh3 Bc4+ 47. Ka3 Kf6 48. Qxf1+ 1-0

[Event "FRA T II 20102011"]
[Site "FRA"]
[Date "2010.11.13"]
[Round "2.5"]
[White "Benbara, Brahim"]
[Black "Lemeille, Francois"]
[Result "1-0"]
[WhiteElo "2071"]
[BlackElo "2049"]
[PlyCount "109"]
[EventDate "2010.11.13"]
[EventType "team-match"]
[EventRounds "9"]
[EventCountry "FRA"]
[Source "FFE"]
[SourceDate "2010.10.29"]
[BlackTeamCountry "FRA"]

1. f4 Nf6 2. Nf3 g6 3. g3 Bg7 4. Bg2 O-O 5. O-O d6 6. d3 c6 7. Qe1 Nbd7 8. e4
e5 9. c3 Re8 10. Kh1 Nh5 11. f5 gxf5 12. Nh4 f4 13. Qe2 Qg5 14. Nf5 Ndf6 15.
gxf4 Nxf4 16. Bxf4 exf4 17. Nxd6 Bg4 18. Bf3 Re6 19. Nc4 b5 20. Ncd2 h5 21. Rg1
Qh4 22. Na3 Kh8 23. Nc2 Rd8 24. Raf1 Bh6 25. Nd4 Ree8 26. Nxc6 Rc8 27. Nd4 Rg8
28. Qf2 Qh3 29. e5 Bxf3+ 30. Qxf3 Qxf3+ 31. N2xf3 Ng4 32. Nf5 Kh7 33. Ne7 Ne3
34. Nxg8 Nxf1 35. Nxh6 Ne3 36. Nxf7 b4 37. c4 Rc7 38. e6 a5 39. N3e5 a4 40. Nd7
Ng4 41. h3 f3 42. hxg4 f2 43. Rf1 hxg4 44. Nf6+ Kg6 45. Nxg4 Kf5 46. Nfe5 b3
47. axb3 axb3 48. Rxf2+ Kg5 49. Rf7 Rc8 50. e7 Kh4 51. Kg2 Rg8 52. Rf8 Kh5 53.
e8=Q+ Kh4 54. Qe7+ Kh5 55. Qh7+ 1-0

[Event "FRA T II 20102011"]
[Site "FRA"]
[Date "2010.11.13"]
[Round "2.6"]
[White "Pincon, Stephane"]
[Black "Maubert, Nicolas"]
[Result "0-1"]
[WhiteElo "2007"]
[BlackElo "2041"]
[PlyCount "90"]
[EventDate "2010.11.13"]
[EventType "team-match"]
[EventRounds "9"]
[EventCountry "FRA"]
[Source "FFE"]
[SourceDate "2010.10.29"]
[BlackTeamCountry "FRA"]

1. d4 Nf6 2. c4 e6 3. Nc3 d5 4. cxd5 exd5 5. Bg5 Be7 6. Qc2 O-O 7. e3 Nbd7 8.
Bd3 c6 9. Nf3 Re8 10. O-O Nf8 11. Rab1 a5 12. a3 Ne4 13. Bxe7 Qxe7 14. Bxe4
dxe4 15. Nd2 f5 16. Nc4 Be6 17. Nb6 Ra6 18. Nca4 Qd8 19. Qc5 Bb3 20. f3 exf3
21. Rxf3 Ne6 22. Qxf5 Rf8 23. Qd3 Rxb6 24. Nxb6 Qxb6 25. Rbf1 Qb5 26. Rxf8+
Nxf8 27. Qxb5 cxb5 28. Rf5 Bc4 29. a4 Bd3 30. e4 bxa4 31. Rxa5 Bxe4 32. Rxa4
Nd7 33. g3 Kf7 34. Kf2 Bc6 35. Ra5 Nf6 36. h4 h5 37. Ke3 Nd5+ 38. Kd3 Ke6 39.
Ra3 Kf5 40. Kc4 Ke4 41. Kc5 Ne3 42. b4 Nc2 43. Rc3 Ne1 44. b5 Nd3+ 45. Kc4 Bd5#
0-1

[Event "FRA T II 20102011"]
[Site "FRA"]
[Date "2010.11.13"]
[Round "2.2"]
[White "Verat, Laurent"]
[Black "Gantner, Ludovic"]
[Result "1-0"]
[WhiteElo "2344"]
[BlackElo "2198"]
[PlyCount "63"]
[EventDate "2010.11.13"]
[EventType "team-match"]
[EventRounds "9"]
[EventCountry "FRA"]
[Source "FFE"]
[SourceDate "2010.10.29"]
[BlackTeamCountry "FRA"]

1. d4 Nf6 2. c4 g6 3. Nc3 Bg7 4. Nf3 d6 5. g3 O-O 6. Bg2 Nc6 7. O-O a6 8. e3
Rb8 9. Qe2 e5 10. d5 Ne7 11. b4 Ne8 12. e4 f5 13. c5 h6 14. Nd2 c6 15. Nc4 cxd5
16. exd5 e4 17. Bb2 Bxc3 18. Bxc3 Nxd5 19. Bd2 Kh7 20. Bxh6 Kxh6 21. Qd2+ Kh7
22. Qxd5 b5 23. Nxd6 Nxd6 24. cxd6 Rb6 25. Rfd1 Rf6 26. d7 Bb7 27. Qe5 Rfe6 28.
Qd4 Rbc6 29. h4 Rc7 30. Rd2 Rc4 31. Qe3 Rc7 32. Qg5 1-0

[Event "FRA T II 20102011"]
[Site "FRA"]
[Date "2010.11.13"]
[Round "2.3"]
[White "Kornman, Serge"]
[Black "Bouverot, Olivier"]
[Result "1-0"]
[WhiteElo "2126"]
[BlackElo "2139"]
[PlyCount "87"]
[EventDate "2010.11.13"]
[EventType "team-match"]
[EventRounds "9"]
[EventCountry "FRA"]
[Source "FFE"]
[SourceDate "2010.10.29"]
[BlackTeamCountry "FRA"]

1. d4 f5 2. c4 Nf6 3. Nc3 g6 4. g3 Bg7 5. Bg2 d6 6. d5 a5 7. Nh3 Na6 8. O-O O-O
9. Nf4 e5 10. dxe6 c6 11. h4 Nc5 12. Be3 Nxe6 13. Qd2 Ng4 14. Nxe6 Bxe6 15. Bg5
Qc7 16. b3 Ne5 17. Rac1 Nf7 18. Bf4 Be5 19. Rfd1 Qe7 20. Be3 Qf6 21. f4 Bxc3
22. Rxc3 a4 23. b4 h6 24. Rdc1 Kh7 25. b5 Bd7 26. c5 d5 27. Bd4 Qd8 28. b6 Re8
29. Bf3 Qe7 30. Re3 Qf8 31. Ra3 Qg8 32. Kf2 Ra6 33. Rg1 h5 34. Ba1 Nh6 35. Qd4
Ng4+ 36. Kg2 Qf8 37. Rd1 Qe7 38. Rdd3 Ra5 39. Bxg4 fxg4 40. Re3 Qf8 41. Rxe8
Bxe8 42. Re3 Ra8 43. Re7+ Kh6 44. Qe5 1-0

[Event "FRA T II 20102011"]
[Site "FRA"]
[Date "2010.11.13"]
[Round "2.4"]
[White "Cavelius, Pierre"]
[Black "Leclercq, Benoit"]
[Result "1/2-1/2"]
[WhiteElo "2044"]
[BlackElo "2091"]
[PlyCount "105"]
[EventDate "2010.11.13"]
[EventType "team-match"]
[EventRounds "9"]
[EventCountry "FRA"]
[Source "FFE"]
[SourceDate "2010.10.29"]
[BlackTeamCountry "FRA"]

1. e4 c5 2. Nf3 Nc6 3. d4 cxd4 4. Nxd4 e5 5. Nb5 a6 6. Nd6+ Bxd6 7. Qxd6 Qe7 8.
Qxe7+ Ngxe7 9. Nc3 Nb4 10. Bd3 d5 11. exd5 Nexd5 12. Nxd5 Nxd5 13. Bc4 Nb4 14.
Bb3 Bf5 15. Bd2 Nxc2+ 16. Bxc2 Bxc2 17. O-O Rd8 18. Bb4 f6 19. Rac1 Rc8 20.
Rfd1 Rc6 21. Rd2 Be4 22. Rcd1 Kf7 23. Rd7+ Kg6 24. Bc3 b5 25. h3 Bf5 26. R7d6
Rhc8 27. Bxe5 Be6 28. Bc3 Bxa2 29. Kh2 Bc4 30. R6d4 R8c7 31. g4 Re7 32. Kg3 h5
33. Rd7 Rxd7 34. Rxd7 hxg4 35. hxg4 Re6 36. Rd4 Kf7 37. Rd7+ Re7 38. Rxe7+ Kxe7
39. Kf4 g6 40. g5 fxg5+ 41. Kxg5 Bd3 42. Kf4 Ke6 43. Ke3 Bf1 44. f4 Kd5 45. b4
Kc4 46. Be1 Bg2 47. Ke2 Kb3 48. Kd3 Ka3 49. Kc2 Ka4 50. Kb2 Bb7 51. Bc3 a5 52.
bxa5 b4 53. Bf6 1/2-1/2

[Event "FRA T II 20102011"]
[Site "FRA"]
[Date "2010.11.13"]
[Round "2.5"]
[White "Mondon, Fabrice"]
[Black "Heimann, Udo"]
[Result "1-0"]
[WhiteElo "2022"]
[BlackElo "1945"]
[PlyCount "85"]
[EventDate "2010.11.13"]
[EventType "team-match"]
[EventRounds "9"]
[EventCountry "FRA"]
[Source "FFE"]
[SourceDate "2010.10.29"]
[BlackTeamCountry "FRA"]

1. e4 c5 2. Nc3 Nc6 3. g3 g6 4. Bg2 Bg7 5. d3 d6 6. Be3 Nf6 7. h3 O-O 8. Nge2
e5 9. O-O Nd4 10. f4 Nh5 11. f5 Bd7 12. g4 Nf6 13. g5 Nh5 14. f6 Bh8 15. Bxd4
cxd4 16. Nd5 h6 17. h4 Bg4 18. Rf2 Qd7 19. Kh2 Kh7 20. Qd2 Rac8 21. c3 dxc3 22.
bxc3 Rc5 23. Ng1 Rxd5 24. exd5 Bxf6 25. gxf6 Bf5 26. Bh3 Nxf6 27. Bxf5 gxf5 28.
Rg2 Ng4+ 29. Kh1 f4 30. d4 f5 31. dxe5 dxe5 32. Rb1 Ne3 33. Re2 Rg8 34. d6 Rg4
35. Rxe3 fxe3 36. Qxe3 Rxh4+ 37. Kg2 Qg7+ 38. Kf1 Rh2 39. Qf3 Rxa2 40. Qxf5+
Kh8 41. Qc8+ Qg8 42. Qxg8+ Kxg8 43. Rd1 1-0

[Event "FRA T II 20102011"]
[Site "FRA"]
[Date "2010.11.13"]
[Round "2.7"]
[White "Tagnon, Nicole"]
[Black "Bulcourt, Nicolas"]
[Result "0-1"]
[WhiteElo "1959"]
[BlackElo "1959"]
[PlyCount "100"]
[EventDate "2010.11.13"]
[EventType "team-match"]
[EventRounds "9"]
[EventCountry "FRA"]
[Source "FFE"]
[SourceDate "2010.10.29"]
[BlackTeamCountry "FRA"]

1. e4 e6 2. d4 d5 3. Nd2 Be7 4. c3 Nf6 5. e5 Nfd7 6. f4 c5 7. Ndf3 Nc6 8. g3
cxd4 9. cxd4 Qb6 10. h4 Bb4+ 11. Kf2 Nf8 12. Kg2 Bd7 13. Rh2 O-O-O 14. Kh1 f6
15. a3 Be7 16. b4 h6 17. Ne2 Be8 18. h5 g6 19. Nc3 gxh5 20. Na4 Qc7 21. b5 Na5
22. Bd3 Kb8 23. Bd2 Nc4 24. Bb4 Bxb5 25. Qb3 Bxb4 26. axb4 Nd7 27. Nc3 a6 28.
Nxb5 axb5 29. Rha2 Ndb6 30. Rc2 Qg7 31. Kh2 Rhg8 32. Rg1 Ne3 33. Re2 Ng4+ 34.
Kh3 Nc4 35. Nh4 fxe5 36. dxe5 Nge3 37. Bg6 d4 38. Qd3 Qf8 39. Rb1 Ng4 40. Bxh5
Nge3 41. Ra2 Qe7 42. Ng6 Qf7 43. Rf2 Nf5 44. g4 Ng7 45. Rc1 Nxh5 46. gxh5 Nxe5
47. Qxb5 Qf5+ 48. Kg2 Qe4+ 49. Kh3 Qe3+ 50. Kg2 Nxg6 0-1

[Event "FRA T II 20102011"]
[Site "FRA"]
[Date "2010.11.13"]
[Round "2.8"]
[White "Mourgues, Joelle"]
[Black "Treguer, Pierig"]
[Result "0-1"]
[WhiteElo "1796"]
[BlackElo "1987"]
[PlyCount "96"]
[EventDate "2010.11.13"]
[EventType "team-match"]
[EventRounds "9"]
[EventCountry "FRA"]
[Source "FFE"]
[SourceDate "2010.10.29"]
[BlackTeamCountry "FRA"]

1. Nf3 c5 2. g3 Nc6 3. Bg2 Nf6 4. d3 d5 5. c3 e5 6. O-O Be7 7. Nbd2 O-O 8. Qc2
Rb8 9. e4 d4 10. a4 Bd7 11. Nc4 Qc7 12. Nh4 Be6 13. Nf5 Bxc4 14. Nxe7+ Qxe7 15.
dxc4 Qe6 16. b3 Rbd8 17. Ba3 b6 18. Rad1 Qg4 19. Bb2 Rfe8 20. f3 Qg6 21. Qf2
Re7 22. Bh3 Qh5 23. Kg2 g5 24. Bf5 g4 25. Kg1 gxf3 26. Qxf3 Qxf3 27. Rxf3 Ree8
28. Rfd3 Ne7 29. cxd4 exd4 30. Bc1 Nxf5 31. exf5 Re5 32. Rf1 Rde8 33. Bg5 Ng4
34. b4 Ne3 35. Rb1 Nxc4 36. bxc5 bxc5 37. g4 Re2 38. h3 Nb2 39. Rd2 Rxd2 40.
Bxd2 Nxa4 41. Rb7 c4 42. Rd7 d3 43. Rc7 c3 44. Bxc3 Nxc3 45. Rd7 Re1+ 46. Kf2
Re2+ 47. Kf1 d2 48. f6 Re1+ 0-1

[Event "FRA T II 20102011"]
[Site "FRA"]
[Date "2010.11.14"]
[Round "3.3"]
[White "Eid, Maha"]
[Black "Lestrelin, Guillaume"]
[Result "1/2-1/2"]
[WhiteElo "2067"]
[BlackElo "2105"]
[PlyCount "28"]
[EventDate "2010.11.13"]
[EventType "team-match"]
[EventRounds "9"]
[EventCountry "FRA"]
[Source "FFE"]
[SourceDate "2010.10.29"]
[BlackTeamCountry "FRA"]

1. d4 d5 2. c4 c6 3. Nf3 Nf6 4. Qc2 e6 5. g3 Bd6 6. Bg2 O-O 7. O-O Nbd7 8. b3
e5 9. dxe5 Nxe5 10. Bb2 Qe7 11. Nbd2 dxc4 12. Nxc4 Nxc4 13. Qxc4 Be6 14. Qh4
Nd7 1/2-1/2

[Event "FRA T II 20102011"]
[Site "FRA"]
[Date "2010.11.14"]
[Round "3.8"]
[White "BOYELDIEU D'AUVIGNY , Mathilde"]
[Black "Eid, Ali"]
[Result "0-1"]
[WhiteElo "1499"]
[BlackElo "1740"]
[PlyCount "48"]
[EventDate "2010.11.13"]
[EventType "team-match"]
[EventRounds "9"]
[EventCountry "FRA"]
[Source "FFE"]
[SourceDate "2010.10.29"]
[BlackTeamCountry "FRA"]

1. e4 c5 2. Nf3 g6 3. Bc4 Bg7 4. d3 Nc6 5. c3 d6 6. Be3 Nf6 7. O-O O-O 8. Qe2
Na5 9. Rd1 Nxc4 10. dxc4 Nxe4 11. Ng5 Nxg5 12. Bxg5 Re8 13. Nd2 Qb6 14. Rab1
Bd7 15. Bf4 Rad8 16. Nb3 Ba4 17. Qc2 Qa6 18. Qd3 Qb6 19. Qc2 Bd7 20. Qd2 Qa6
21. Nc1 Qxc4 22. Re1 a5 23. Be3 Bc6 24. Qe2 Qe4 0-1